000 00314nam a2200133Ia 4500
005 20251222143317.0
008 251222s9999||||xx |||||||||||||| ||spa||
020 _a978-84-8005-102-6
082 _a297.3/M86
100 _aMoreno Koch, Yolanda
245 0 _aLa Mujer Judía
264 _bEl Almendro
942 _cLIB
999 _c15943
_d15943